| 000 | 00514nam a2200181Ia 4500 | ||
|---|---|---|---|
| 001 | 10280 | ||
| 005 | 20260306161820.0 | ||
| 008 | 260306t1968||||xx |||||||||||||| ||spa|| | ||
| 041 | _aESP | ||
| 082 |
_a914.6 _bA166 |
||
| 100 |
_aConsejo Superior de Investigaciones Científicas _eAUT |
||
| 245 | 0 |
_aAportación española al XXI Congreso Geográfico Internacional: _bIndia, diciembre 1968 |
|
| 260 | _c1968 | ||
| 300 |
_a463 páginas : _c28 cm. |
||
| 650 | _aGEN | ||
| 654 | _aCHU | ||
| 942 |
_cLIB _dJUS _fJUS _2ddc _n |
||
| 999 |
_c10280 _d10280 |
||